000 01199nam2a2200241 4500
001 RU\NLR\BIBL_A\011198715
005 20250625214939.0
010 _a978-5-906853-36-3
_bкн. 2
_95000
021 _aRU
_b2016-61249
_93892
035 _a(NLR Aleph) 011198715
090 _a11908196
_c11908196
100 _a20160822d2016 |||y0rusy50 ca
101 0 _arus
102 _aRU
105 _ay w 000yy
200 0 _aКн. 2
210 _d2016
_aБ. м.
215 _a649, [1] c.
461 0 _1001RU\NLR\BIBL_A\011221276
_12001#$aТолкование на Евангелие от Матфея$e[в 2 кн.]$fсвт. Иоанн Златоуст$vКн. 2
_1700#0$aИоанн Златоуст$cархиепископ Константинопольский$fок.347-407$3RU\NLR\AUTH\77702
_912026288
_aИоанн Златоуст (архиепископ Константинопольский ; ок.347-407)
_cМосква
_d2016
_fсвт. Иоанн Златоуст
_nСибирская Благозвонница
_o[в 2 кн.]
_tТолкование на Евангелие от Матфея
_y9785906853349
_vКн. 2
942 _cBOOK
980 _aNB